| 000 | 00755nam a22001577a 4500 | ||
|---|---|---|---|
| 003 | OSt | ||
| 005 | 20151005143115.0 | ||
| 008 | 151005b xxu||||| |||| 00| 0 eng d | ||
| 040 | _cRUA | ||
| 082 | _aAVM EM 1998 B071 Or.1 | ||
| 100 |
_92045 _aEM, HUY. |
||
| 245 | _aImpact assessment of VLA program on animal health situation in angkor chey and tung dang dictrict of kampot province, ការវាយតំលៃផលប៉ះពាល់នៃកម្មវិធីVLAទៅលើស្ថានភាពសុខភាពសត្វនៅក្នុងស្រុកដងទង់ និងស្រុកអង្គរជ័យខេត្តកំពត | ||
| 260 |
_aPhnom Penh _bRUA _c1998 |
||
| 300 |
_a38p. _bill. _c29cm. |
||
| 942 |
_2ddc _cAVM |
||
| 999 |
_c1931 _d1931 |
||